000 00608cam a22002291 4500
001 sa 67007376
003 DLC
005 20260227112415.0
008 940602s1966 ii k 000 0 kano
010 _asa 67007376
025 _aPL480:I-Kan-798
035 _a(OCoLC)30538433
040 _aDLC
_cCU
_dCU
_dDLC
042 _apremarc
050 0 0 _aLB2947
_b.V5
100 1 _aVīrappa, N. S.
245 1 0 _aŚāleya vyavasthe mattu āḍaḷita nirvahaṇe.
260 _c[1966]
300 _a16, 463 p.
_bforms.
_c19 cm.
500 _aIn Kannada.
650 0 _aSchool management and organization
_zIndia.
999 _c76538
_d76538